000 00458nam a2200157 i 4500
001 149959
003 ES-MaACL
005 20230906203327.0
007 t|
008 071025s1945 sp ||||1| spa d
100 1 _aValle, José María del.
_9112766
245 1 0 _aEisenhower, el generalísimo de los aliados en Europa /
_cJosé M. del Valle.
260 _aMadrid :
_bPace,
_c[1945?]
300 _a236 p. ;
_c20 cm.
852 _aES-MaACL
_jB-10058
_bR.21891
999 _c149959
_d149959